Países que compartían fronteras con la Unión Soviética - Estadísticas

Estadísticas generales
  • Esta prueba ha sido intentada 4.500 veces
  • La puntuación promedio es 10 de 12
Estadísticas de respuestas
País % Correcto
China
97%
Polonia
94%
Finlandia
91%
Mongolia
91%
Turquía
86%
Rumania
85%
Corea del Norte
80%
Irán
80%
Afganistán
78%
Hungría
76%
Noruega
70%
Checoslovaquia
53%
No se encontraron pruebas coincidentes
Distribución de puntuación
Porcentaje de gente con cada puntuación
Porcentaje por número respondido
Historial de tus puntuaciones
No has intentado esta prueba.